EURO 2024 SQUADS (part 1) - Statistics

General Stats
  • This quiz has been taken 182 times
  • The average score is 117 of 154
Answer Stats
nat club num pos age € mln Answer % Correct
Flag of England FC Everton 1 GK (30) 22,00 Jordan Pickford
98%
Flag of Portugal Wolverhampton Wanderers 12 GK (31) 14,00 José Sá
97%
Flag of England Bayern Monachium 9 FW (30) 100,00 Harry Kane
96%
Flag of England Real Madryt 10 MD (21) 180,00 Jude Bellingham
96%
Flag of Spain FC Arsenal 1 GK (28) 35,00 David Raya
95%
Flag of Germany Bayern Monachium 1 GK (38) 4,00 Manuel Neuer
95%
Flag of England FC Arsenal 7 FW (22) 140,00 Bukayo Saka
94%
Flag of England Manchester City 5 DF (30) 38,00 John Stones
94%
Flag of England FC Arsenal 13 GK (26) 25,00 Aaron Ramsdale
93%
Flag of England FC Arsenal 4 MD (25) 120,00 Declan Rice
93%
Flag of France FC Paris Saint-Germain 10 FW (25) 180,00 Kylian Mbappé
93%
Flag of Spain FC Barcelona 19 FW (16) 90,00 Lamine Yamal
93%
Flag of England FC Liverpool 8 DF (25) 70,00 Trent Alexander-Arnold
93%
Flag of Spain Bayer 04 Leverkusen 12 DF (28) 45,00 Alejandro Grimaldo
92%
Flag of Germany Real Madryt 2 DF (31) 25,00 Antonio Rüdiger
92%
Flag of England Chelsea FC 24 MD (22) 80,00 Cole Palmer
92%
Flag of Germany Bayern Monachium 10 MD (21) 120,00 Jamal Musiala
92%
Flag of Germany FC Arsenal 7 FW (25) 70,00 Kai Havertz
92%
Flag of England Manchester City 2 DF (34) 13,00 Kyle Walker
92%
Flag of Germany FC Barcelona 22 GK (32) 28,00 Marc-André ter Stegen
92%
Flag of Spain Chelsea FC 24 DF (25) 25,00 Marc Cucurella
92%
Flag of England Aston Villa 19 FW (28) 65,00 Ollie Watkins
92%
Flag of Spain FC Barcelona 20 MD (21) 80,00 Pedri
92%
Flag of England Manchester City 11 MD (24) 150,00 Phil Foden
92%
Flag of Spain Manchester City 16 MD (28) 120,00 Rodri
92%
Flag of Germany Real Madryt 8 MD (34) 10,00 Toni Kroos
92%
Flag of Portugal Al-Nassr FC 7 FW (39) 15,00 Cristiano Ronaldo
91%
Flag of Spain Real Madryt 2 DF (32) 12,00 Daniel Carvajal
91%
Flag of France Bayern Monachium 4 DF (25) 45,00 Dayot Upamecano
91%
Flag of Portugal Manchester City 10 MF (29) 70,00 Bernardo Silva
90%
Flag of Germany Bayer 04 Leverkusen 17 MD (21) 130,00 Florian Wirtz
90%
Flag of France FC Liverpool 24 DF (25) 45,00 Ibrahima Konaté
90%
Flag of Germany Bayern Monachium 6 DF (29) 50,00 Joshua Kimmich
90%
Flag of Belgium Manchester City 7 MD (33) 50,00 Kevin De Bruyne
90%
Flag of England Manchester United 3 DF (28) 32,00 Luke Shaw
90%
Flag of France Juventus Turyn 14 MF (29) 35,00 Adrien Rabiot
89%
Flag of France Real Madryt 8 MF (24) 100,00 Aurélien Tchouaméni
89%
Flag of Portugal Manchester United 8 MF (29) 70,00 Bruno Fernandes
89%
Flag of France Real Madryt 6 MF (21) 100,00 Eduardo Camavinga
89%
Flag of France FC Barcelona 5 DF (25) 45,00 Jules Koundé
89%
Flag of France AC Milan 16 GK (29) 38,00 Mike Maignan
89%
Flag of France Al-Ittihad Club 13 MF (33) 9,00 N'Golo Kanté
89%
Flag of France FC Arsenal 17 DF (23) 80,00 William Saliba
89%
Flag of England Crystal Palace 6 DF (23) 38,00 Marc Guéhi
88%
Flag of Spain Athletic Bilbao 23 GK (27) 30,00 Unai Simón
88%
Flag of Germany Bayer 04 Leverkusen 4 DF (28) 30,00 Jonathan Tah
87%
Flag of England Newcastle United 12 DF (33) 10,00 Kieran Trippier
87%
Flag of Spain Real Madryt 4 DF (34) 3,00 Nacho Fernández
87%
Flag of Portugal AC Milan 17 FW (25) 90,00 Rafael Leão
87%
Flag of France West Ham United 23 GK (31) 10,00 Alphonse Areola
86%
Flag of France Atlético Madryt 7 MF (33) 25,00 Antoine Griezmann
86%
Flag of Spain RB Leipzig 10 FW (26) 50,00 Dani Olmo
86%
Flag of Portugal FC Liverpool 21 FW (27) 50,00 Diogo Jota
86%
Flag of Spain FC Paris Saint-Germain 8 MD (28) 30,00 Fabián Ruiz
86%
Flag of England FC Brentford 17 FW (28) 50,00 Ivan Toney
86%
Flag of Belgium Manchester City 22 FW (22) 65,00 Jérémy Doku
86%
Flag of Spain Athletic Bilbao 17 MD (21) 60,00 Nico Williams
86%
Flag of France AC Milan 9 FW (37) 3,00 Olivier Giroud
86%
Flag of France FC Paris Saint-Germain 11 FW (27) 60,00 Ousmane Dembélé
86%
Flag of Portugal Manchester City 4 DF (27) 80,00 Rúben Dias
86%
Flag of France AC Milan 22 DF (26) 60,00 Theo Hernández
86%
Flag of Portugal Benfika Lizbona 24 DF (20) 45,00 António Silva
85%
Flag of England Crystal Palace 23 GK (27) 12,00 Dean Henderson
85%
Flag of France Real Madryt 3 DF (29) 22,00 Ferland Mendy
85%
Flag of Spain FC Barcelona 11 FW (24) 30,00 Ferran Torres
85%
Flag of Germany FC Barcelona 21 MD (33) 15,00 İlkay Gündoğan
85%
Flag of Germany Borussia Dortmund 25 MD (30) 10,00 Emre Can
84%
Flag of Portugal Benfika Lizbona 15 MF (19) 55,00 João Neves
84%
Flag of England FC Liverpool 22 DF (27) 28,00 Joe Gomez
84%
Flag of Portugal FC Porto 3 DF (41) 0,50 Pepe
84%
Flag of Portugal Al-Hilal SFC 18 MF (27) 32,00 Rúben Neves
84%
Flag of Spain Al-Nassr FC 14 DF (30) 20,00 Aymeric Laporte
83%
Flag of France Inter Mediolan 2 DF (28) 50,00 Benjamin Pavard
83%
Flag of Portugal Manchester United 5 DF (25) 35,00 Diogo Dalot
83%
Flag of France Inter Mediolan 15 FW (26) 65,00 Marcus Thuram
83%
Flag of Belgium AS Roma 10 FW (31) 30,00 Romelu Lukaku
83%
Flag of Germany Bayern Monachium 13 FW (34) 8,00 Thomas Müller
83%
Flag of Spain Atlético Madryt 7 FW (31) 16,00 Álvaro Morata
82%
Flag of France FC Paris Saint-Germain 25 FW (21) 50,00 Bradley Barcola
82%
Flag of England Crystal Palace 21 FW (26) 55,00 Eberechi Eze
82%
Flag of England West Ham United 20 FW (27) 50,00 Jarrod Bowen
82%
Flag of England Manchester United 26 MD (19) 50,00 Kobbie Mainoo
82%
Flag of England Newcastle United 18 FW (23) 60,00 Anthony Gordon
81%
Flag of Portugal FC Paris Saint-Germain 9 FW (23) 50,00 Gonçalo Ramos
81%
Flag of France Bayern Monachium 20 FW (28) 50,00 Kingsley Coman
81%
Flag of Belgium FC Arsenal 9 MD (29) 35,00 Leandro Trossard
81%
Flag of Portugal FC Paris Saint-Germain 19 DF (22) 55,00 Nuno Mendes
81%
Flag of Belgium Aston Villa 8 MD (27) 25,00 Youri Tielemans
81%
Flag of Spain Real Madryt 9 FW (34) 5,00 Joselu
80%
Flag of Spain Real Sociedad 6 MD (28) 50,00 Mikel Merino
80%
Flag of Germany Borussia Dortmund 9 FW (31) 15,00 Niclas Füllkrug
80%
Flag of Spain Real Sociedad 3 DF (27) 40,00 Robin Le Normand
80%
Flag of Germany Bayern Monachium 19 MD (28) 70,00 Leroy Sané
79%
Flag of Portugal FC Paris Saint-Germain 23 MF (24) 50,00 Vitinha
79%
Flag of Portugal AS Roma 1 GK (36) 1,00 Rui Patrício
77%
Flag of Belgium RB Leipzig 20 FW (24) 60,00 Loïs Openda
76%
Flag of Germany Brighton & Hove Albion 5 MD (33) 8,00 Pascal Groß
76%
Flag of Belgium Atlético Madryt 6 MD (35) 3,50 Axel Witsel
75%
Flag of England Chelsea FC 16 MD (24) 50,00 Conor Gallagher
75%
Flag of England Aston Villa 14 DF (26) 35,00 Ezri Konsa
75%
Flag of Portugal FC Barcelona 20 DF (30) 25,00 João Cancelo
75%
Flag of Portugal Atlético Madryt 11 FW (24) 30,00 João Félix
75%
Flag of Portugal FC Fulham 6 MF (28) 55,00 João Palhinha
75%
Flag of Belgium VfL Wolfsburg 1 GK (32) 6,00 Koen Casteels
75%
Flag of Germany Borussia Dortmund 15 DF (24) 40,00 Nico Schlotterbeck
75%
Flag of Belgium FC Everton 24 MD (22) 50,00 Amadou Onana
74%
Flag of Spain Sevilla FC 22 DF (38) 2,50 Jesús Navas
74%
Flag of England Brighton & Hove Albion 15 DF (32) 12,00 Lewis Dunk
74%
Flag of Portugal FC Porto 22 GK (24) 40,00 Diogo Costa
73%
Flag of Spain Real Sociedad 18 MD (25) 50,00 Martín Zubimendi
71%
Flag of Spain Real Sociedad 21 MD (27) 45,00 Mikel Oyarzabal
71%
Flag of France FC Paris Saint-Germain 12 FW (25) 45,00 Randal Kolo Muani
70%
Flag of Belgium Al-Shabab FC 11 FW (30) 14,00 Yannick Carrasco
70%
Flag of Germany RB Leipzig 3 DF (26) 20,00 David Raum
69%
Flag of France FC Paris Saint-Germain 18 MF (18) 60,00 Warren Zaïre-Emery
69%
Flag of Portugal Manchester City 16 MF (25) 50,00 Matheus Nunes
68%
Flag of Belgium Leicester City 4 DF (26) 20,00 Wout Faes
68%
Flag of Portugal Wolverhampton Wanderers 2 DF (30) 12,00 Nélson Semedo
67%
Flag of Germany Bayer 04 Leverkusen 23 MD (29) 17,00 Robert Andrich
67%
Flag of Germany VfB Stuttgart 26 FW (27) 25,00 Deniz Undav
65%
Flag of England Crystal Palace 25 MD (20) 30,00 Adam Wharton
64%
Flag of Portugal FC Paris Saint-Germain 13 MF (32) 8,00 Danilo Pereira
64%
Flag of Spain FC Barcelona 25 MD (21) 30,00 Fermín López
64%
Flag of Belgium RSC Anderlecht 5 DF (37) 1,50 Jan Vertonghen
64%
Flag of Germany TSG 1899 Hoffenheim 12 GK (34) 3,00 Oliver Baumann
64%
Flag of France AS Monaco 19 MF (25) 30,00 Youssouf Fofana
64%
Flag of France RC Lens 1 GK (30) 15,00 Brice Samba
63%
Flag of Spain Real Sociedad 13 GK (29) 25,00 Álex Remiro
59%
Flag of Belgium Nottingham Forest 13 GK (32) 7,00 Matz Sels
58%
Flag of Belgium Sevilla FC 14 FW (26) 12,00 Dodi Lukébakio
56%
Flag of France Olympique Marseille 21 DF (31) 12,00 Jonathan Clauss
56%
Flag of Portugal Wolverhampton Wanderers 25 MF (24) 55,00 Pedro Neto
56%
Flag of Belgium FC Fulham 21 DF (28) 17,00 Timothy Castagne
56%
Flag of Belgium Atalanta BC 17 FW (23) 34,00 Charles De Ketelaere
55%
Flag of Belgium PSV Eindhoven 19 FW (21) 45,00 Johan Bakayoko
54%
Flag of Belgium Stade Rennais FC 3 DF (24) 20,00 Arthur Theate
50%
Flag of Spain Villarreal CF 15 MD (22) 40,00 Álex Baena
49%
Flag of Germany VfB Stuttgart 18 DF (27) 17,00 Maximilian Mittelstädt
49%
Flag of Germany VfB Stuttgart 16 DF (27) 20,00 Waldemar Anton
48%
Flag of Spain Real Betis Balompié 26 FW (30) 7,00 Ayoze Pérez
47%
Flag of Spain Athletic Bilbao 5 DF (25) 25,00 Dani Vivian
47%
Flag of Portugal FC Porto 26 FW (21) 22,00 Francisco Conceição
44%
Flag of Germany RB Leipzig 20 DF (27) 20,00 Benjamin Henrichs
40%
Flag of Belgium Luton Town 12 GK (31) 3,00 Thomas Kaminski
40%
Flag of Germany TSG 1899 Hoffenheim 14 FW (21) 30,00 Maximilian Beier
39%
Flag of Belgium Trabzonspor 15 DF (32) 2,50 Thomas Meunier
38%
Flag of Belgium Atlético Madryt 23 MD (19) 25,00 Arthur Vermeeren
37%
Flag of Germany Eintracht Frankfurt 24 DF (27) 18,00 Robin Koch
36%
Flag of Germany VfB Stuttgart 11 MD (26) 28,00 Chris Führich
32%
Flag of Portugal RSC Anderlecht 14 DF (22) 45,00 Gonçalo Inácio
32%
Flag of Belgium Olympique Lyon 18 MD (26) 20,00 Orel Mangala
32%
Flag of Belgium RSC Anderlecht 2 DF (20) 18,00 Zeno Debast
31%
Flag of Belgium VfL Wolfsburg 16 MD (21) 12,00 Aster Vranckx
25%
Flag of Belgium FC Brügge 25 MD (23) 9,00 Maxim De Cuyper
20%
No matching quizzes found
Score Distribution
Percent of People with Each Score
Percentile by Number Answered
Your Score History
You have not taken this quiz